Bài tập và bài giải thanh toán quốc tế : Sử dụng kèm theo quyển thanh toán quốc tế của TS. Nguyễn Minh Kiều, NXB thống kê - 2008

में बचाया:
ग्रंथसूची विवरण
स्वरूप: Sách
भाषा:Undetermined
प्रकाशित:  Thống kê  2009
विषय:
टैग : टैग जोड़ें
कोई टैग नहीं, इस रिकॉर्ड को टैग करने वाले पहले व्यक्ति बनें!
Thư viện lưu trữ: Trung tâm Thư viện - Trường Đại học Công nghiệp TP. Hồ Chí Minh
LEADER 00573nam a2200133Ia 4500
001 UIH_06882
008 231011s9999 xx 000 0 und d
082 |a  332.45 
245 0 |a  Bài tập và bài giải thanh toán quốc tế : Sử dụng kèm theo quyển thanh toán quốc tế của TS. Nguyễn Minh Kiều, NXB thống kê - 2008 
260 |b  Thống kê 
260 |c  2009 
650 |a  Thanh toán quốc tế;  
927 |a Sách 
980 |a Trung tâm Thư viện - Trường Đại học Công nghiệp TP. Hồ Chí Minh